| 000 | 00422 a2200133 4500 | ||
|---|---|---|---|
| 001 | ART_15831 | ||
| 005 | 20260410161736.0 | ||
| 008 | 260409a | ||
| 245 | 1 | 0 | _aEscenarios financieros esperados para 1990 Mercado local e internacional |
| 100 | 1 | _aCarballo, Carlos | |
| 700 | 1 | _aCarrier, Enrique | |
| 700 | 1 | _aJaime, José | |
| 773 | 0 |
_tEjecutivos de finanzas _g- Año 7, Nº 62 (dic. 1989) _wREV2863 |
|
| 999 |
_c18287 _d18287 |
||